1299 1521 1807 1526 1634 1975 1262 1291 1331 1305 1828 1717 1606 1866 1149 1273 1891 1943 1917 1528 1558 1893 1851 1112 1969 1880 1594 1863 1688 1396 1657 1287 1463 1244 1698 1931 1275 1076 1006 1308 1606 1771 1785 1399 1360 1310 1464 1565 1827 1306 1583 1780 1060 1985 1045 1040 1481 1851 1444 1738 1044 1823 1645 1435 1197 1995 1979 1638 1631 1104 1915 1326 1957 1661 1426 1206 1447 1979 1416 1562 1154 1392 1331 1171 1652 1637 1421 1963 1140 1780 1022 1037 1014 1561 1429 1042 1680 1717 1466 BCNSPRNW ULIB Ver.6.0+V

เปลี่ยนเป็นภาษาไทย

Change to English
 แสดงรายละเอียดบรรณานุกรม
  กลับหน้าหลัก

Brief Record : Get Marc (ISO 2709) : E-mail record : QR code < ปิดหน้าต่าง
LEADER : 00000nam 2200000uu 4500
001    13399127185
003     ULIB
008    191021s2562||||th 000 0 tha d
020 ^  ^a9786168142363
050  0 ^aนว.^bป534ร
100 0  ^aปัณภัส.
245 1  ^aรัก (กรรณ) วันละนิด /^cปัณภัส.
260 ^  ^aกรุงเทพฯ :^bทัช,^c2562.
300 ^  ^a272 หน้า ;^c21 ซม.
945    ^p230^l0^i27877
999    ^aกัณชพร จุลอักษร
รายการนี้ยังไม่มีแท็ก
คุณยังไม่ได้ล็อกอิน คุณสามารถมีกิจกรรมร่วมกับเว็บไซต์ได้ แต่ต้องล็อกอินก่อน ::
  ล็อกอิน

รายการสื่อสารสนเทศ

ลำดับที่ ประเภท เลขเรียก/บาร์โค้ด สถานที่ สถานะ
1. วิทยาศาสตร์การแพทย์ และสุขภาพ
วิทยาศาสตร์การแพทย์ และสุขภาพ
นว. ป534ร ฉ.1 
  Barcode: 27877
ห้องสมุดวิทยาเขตนครสวรรค์
►นวนิยาย:l:Fiction
บนชั้น

รายการใกล้เคียง
    ผู้แต่ง [ปัณภัส.]

BibComment


ยังไม่เคยถูกคอมเมนท์

คอมเมนท์ทรัพยากรรายการนี้
  คอมเมนท์: รัก กรรณ วันละนิ..


 Copyright 2026. Bcnsprnw @Library